[Event "Larsens Nordjyske Mindeturnering"]
[Site "AALBORG"]
[Date "2018.10.16"]
[Round "4.7"]
[White "Sloth, Jorn"]
[Black "Chritiansen, Arne"]
[Result "1/2-1/2"]
[WhiteElo "2306"]
[BlackElo "2051"]
[PlyCount "58"]
[EventDate "2018.??.??"]
[EventCountry "DEN"]

1. c4 Nf6 2. d4 e6 3. g3 d5 4. Bg2 Be7 5. Nf3 O-O 6. Nc3 b6 7. cxd5 exd5 8. Ne5
Bb7 9. Bg5 Nbd7 10. Qa4 Nxe5 11. dxe5 Ne4 12. Nxe4 Bxg5 13. Nc3 c6 14. Rd1 Qc7
15. f4 Be7 16. e4 dxe4 17. Bxe4 Rad8 18. O-O a5 19. Qc2 Bc5+ 20. Kh1 h6 21. h3
Rxd1 22. Rxd1 Rd8 23. Rd3 Bb4 24. Nd5 Qc8 25. Nxb4 axb4 26. Kg2 Rxd3 27. Qxd3
c5 28. Bxb7 Qxb7+ 29. Kf2 Qh1 1/2-1/2

[Event "Larsens Nordjyske Mindeturnering"]
[Site "AALBORG"]
[Date "2018.10.16"]
[Round "4.8"]
[White "Hess, Christian"]
[Black "Aubert, Carsten"]
[Result "1-0"]
[WhiteElo "2225"]
[BlackElo "1997"]
[PlyCount "81"]
[EventDate "2018.??.??"]
[EventCountry "DEN"]

1. c4 e6 2. Nc3 Nf6 3. e4 c5 4. e5 Ng8 5. Nf3 Nc6 6. d4 cxd4 7. Nxd4 Nxe5 8.
Ndb5 a6 9. Nd6+ Bxd6 10. Qxd6 Ng6 11. Be3 Qe7 12. Qb6 f5 13. Qa5 Rb8 14. h4
Nxh4 15. Bf4 d6 16. c5 b6 17. Qa4+ b5 18. Qa5 e5 19. cxd6 Qxd6 20. Rd1 Qb6 21.
Qxb6 Rxb6 22. Bg5 Nxg2+ 23. Bxg2 Nf6 24. Nd5 Nxd5 25. Rxd5 O-O 26. Rxe5 Bb7 27.
Bxb7 Rxb7 28. Ke2 Rc7 29. Rc1 Rfc8 30. Rxc7 Rxc7 31. Kd3 Rd7+ 32. Kc2 Kf7 33.
Rxf5+ Ke6 34. Rc5 Kd6 35. Be3 Re7 36. Rh5 Rc7+ 37. Kd3 Ke6 38. Rxh7 Kf5 39. Bd4
Ke6 40. Be3 Kf5 41. Bd4 {Ke4+ Kxe4} 1-0

[Event "Larsens Nordjyske Mindeturnering"]
[Site "AALBORG"]
[Date "2018.10.16"]
[Round "4.10"]
[White "Jepsen, Thomas Stausholm"]
[Black "Lennart Vang, Frank"]
[Result "1/2-1/2"]
[WhiteElo "2180"]
[BlackElo "1969"]
[PlyCount "116"]
[EventDate "2018.??.??"]
[EventCountry "DEN"]

1. Nf3 d5 2. g3 Nc6 3. Bg2 Bg4 4. c4 e6 5. O-O Nf6 6. b3 Be7 7. Bb2 O-O 8. d3
Re8 9. Nbd2 Qd7 10. cxd5 exd5 11. Rc1 Bh3 12. a3 Bxg2 13. Kxg2 Rad8 14. b4 a6
15. Nb3 Qe6 16. Qc2 Bd6 17. Rfe1 Nd7 18. e4 dxe4 19. dxe4 f6 20. Nbd4 Nxd4 21.
Nxd4 Qf7 22. f4 c6 23. Rf1 Bb8 24. Qe2 Nb6 25. Qc2 Kh8 26. Nf3 Nd7 27. Bd4 Qg6
28. Rce1 Qf7 29. h3 Nf8 30. e5 fxe5 31. Bxe5 Bxe5 32. Rxe5 Rxe5 33. fxe5 Qd5
34. Rf2 Re8 35. Rd2 Qe6 36. Rd6 Qe7 37. Qd2 h6 38. Qd3 Qf7 39. Rd8 Rxd8 40.
Qxd8 Kh7 41. Qd3+ Qg6 42. Qxg6+ Kxg6 43. Kf2 Kf5 44. Ke3 h5 45. g4+ hxg4 46.
hxg4+ Ke6 47. Kd4 Ke7 48. Ke4 g6 49. Ng5 b6 50. Nh3 Ne6 51. Nf4 Nxf4 52. Kxf4
c5 53. bxc5 bxc5 54. Ke4 Ke6 55. a4 g5 56. a5 c4 57. Kd4 c3 58. Kxc3 Kxe5
1/2-1/2

[Event "Larsens Nordjyske Mindeturnering"]
[Site "AALBORG"]
[Date "2018.10.16"]
[Round "4.12"]
[White "Lilja, Richard"]
[Black "Andersen, Carl Johan"]
[Result "1-0"]
[WhiteElo "2102"]
[BlackElo "1900"]
[PlyCount "107"]
[EventDate "2018.??.??"]
[EventCountry "DEN"]

1. e4 c6 2. d3 d5 3. Nd2 Nd7 4. g3 e5 5. Bg2 Ngf6 6. Ngf3 Bc5 7. O-O O-O 8. Qe2
Re8 9. h3 Bd6 10. b3 Nc5 11. Bb2 b6 12. exd5 e4 13. dxe4 Ncxe4 14. Nxe4 Nxe4
15. Qd3 cxd5 16. Qxd5 Ba6 17. c4 Qc7 18. Rfe1 Bb7 19. Qd4 f6 20. Qd3 Rad8 21.
Nd4 Nc5 22. Rxe8+ Rxe8 23. Qf5 Bxg2 24. Kxg2 Be5 25. Rb1 Qb7+ 26. Qf3 Ne4 27.
Nb5 a6 28. Bxe5 Rxe5 29. Nc3 f5 30. Nxe4 fxe4 31. Qe3 Qf7 32. Rd1 h6 33. Rd6
Rf5 34. Rd8+ Kh7 35. Qxe4 g6 36. Qd4 Qf6 37. Qd7+ Qf7 38. Qd4 Qf6 39. Qd7+ Qf7
40. Qxf7+ Rxf7 41. Rd6 Rb7 42. Kf3 a5 43. Ke4 g5 44. Ke5 Rf7 45. f4 gxf4 46.
gxf4 Re7+ 47. Re6 Rd7 48. Rxb6 Rd2 49. c5 Rxa2 50. Rb7+ Kg6 51. f5+ Kh5 52. c6
a4 53. c7 Rc2 54. bxa4 1-0

[Event "Larsens Nordjyske Mindeturnering"]
[Site "AALBORG"]
[Date "2018.10.17"]
[Round "5.1"]
[White "Sveshnikov, Evgeny"]
[Black "Renman, Nils Gustaf"]
[Result "1/2-1/2"]
[WhiteElo "2478"]
[BlackElo "2349"]
[PlyCount "146"]
[EventDate "2018.??.??"]
[EventCountry "DEN"]

1. e4 e6 2. d4 d5 3. Nc3 dxe4 4. Nxe4 Bd7 5. Nf3 Bc6 6. Bd3 Nd7 7. O-O Be7 8.
c4 Ngf6 9. Ned2 O-O 10. Qe2 Re8 11. Rd1 Bf8 12. Ne5 Nxe5 13. dxe5 Nd7 14. Nb3
b6 15. Bc2 g6 16. Nd4 Bb7 17. Ba4 Qc8 18. Nf5 Rd8 19. Nh6+ Bxh6 20. Bxh6 Nc5
21. Bc2 Rxd1+ 22. Rxd1 Qe8 23. b4 Na6 24. Qd2 Qe7 25. a3 Rc8 26. Bg5 Qf8 27.
Qf4 Nb8 28. Qh4 h5 29. h3 Bc6 30. g4 Nd7 31. f4 a5 32. gxh5 axb4 33. Be7 Qh6
34. Bg5 Qxh5 35. Qxh5 gxh5 36. axb4 Nf8 37. Rd8 Rxd8 38. Bxd8 b5 39. Kf2 bxc4
40. Bxc7 Ng6 41. Ke3 Kf8 42. f5 exf5 43. Bxf5 Ke8 44. Kd4 Ne7 45. Bc2 Bd7 46.
h4 Nf5+ 47. Kc3 Nxh4 48. Bd1 Ng2 49. Bxh5 Nf4 50. Bf3 Bb5 51. Bb6 Kd7 52. Be3
Nd3 53. Bg4+ Kc7 54. Bd4 Nf4 55. Bc5 Kc6 56. Bf3+ Kd7 57. Bf8 Ng6 58. Bg7 Nf4
59. Bf6 Nd3 60. Bg4+ Ke8 61. Bh5 Nf4 62. Bf3 Kd7 63. Bg7 Ne6 64. Bh6 Ke7 65.
Bd5 f6 66. exf6+ Kxf6 67. Bxc4 Bxc4 68. Kxc4 Ke7 69. Kb5 Kd7 70. Ka6 Nc7+ 71.
Ka5 Kc6 72. Bf4 Nb5 73. Be5 Na3 1/2-1/2

[Event "Larsens Nordjyske Mindeturnering"]
[Site "AALBORG"]
[Date "2018.10.17"]
[Round "5.3"]
[White "Christensen, Jan Schleicher"]
[Black "Danielsen, Henrik"]
[Result "0-1"]
[WhiteElo "2207"]
[BlackElo "2502"]
[PlyCount "98"]
[EventDate "2018.??.??"]
[EventCountry "DEN"]

1. d4 Nf6 2. Nf3 d6 3. Nc3 g6 4. e4 Bg7 5. Be3 c6 6. Qd2 Qa5 7. Bd3 Nbd7 8. Bh6
Bxh6 9. Qxh6 c5 10. O-O cxd4 11. Nxd4 a6 12. Rfe1 Qc5 13. Qe3 e5 14. Nb3 Qxe3
15. Rxe3 b6 16. Rd1 Bb7 17. f3 Ke7 18. Re2 Rhc8 19. Red2 Rc7 20. Bf1 Ne8 21. g3
Rb8 22. Bh3 Ndf6 23. Re2 Bc8 24. Bxc8 Rbxc8 25. f4 Rc4 26. Rdd2 Ng7 27. fxe5
dxe5 28. Nd5+ Nxd5 29. exd5 Kd6 30. c3 h5 31. Rd1 f5 32. Nd2 Rg4 33. b3 b5 34.
c4 Rd4 35. Rc1 Rxd5 36. Rce1 Rd3 37. cxb5 axb5 38. a4 e4 39. axb5 Rb8 40. b6
Ne6 41. Nc4+ Kd5 42. Rb2 Nd4 43. Kf2 Nxb3 44. Ne3+ Kd4 45. Nc2+ Kc3 46. Reb1
Nd2 47. Ne1 Nxb1 48. Nxd3 exd3 49. Rxb1 d2 0-1

[Event "Larsens Nordjyske Mindeturnering"]
[Site "AALBORG"]
[Date "2018.10.17"]
[Round "5.4"]
[White "Rooze, Jan"]
[Black "Hess, Christian"]
[Result "0-1"]
[WhiteElo "2313"]
[BlackElo "2225"]
[PlyCount "64"]
[EventDate "2018.??.??"]
[EventCountry "DEN"]

1. Nf3 Nf6 2. c4 c6 3. e3 g6 4. b4 Bg7 5. Bb2 O-O 6. d4 d6 7. Nc3 Bf5 8. Be2
Ne4 9. Nxe4 Bxe4 10. O-O c5 11. b5 Nd7 12. Ng5 cxd4 13. Bxd4 Bxg2 14. Kxg2 e5
15. Nh3 exd4 16. exd4 Qh4 17. f4 Rac8 18. Qd3 Rfe8 19. Bf3 Rc7 20. Rad1 Nf6 21.
Rf2 Ng4 22. Re2 Rxe2+ 23. Bxe2 Re7 24. Bxg4 Qxg4+ 25. Kh1 Re3 26. Qxe3 Qxd1+
27. Kg2 Bxd4 28. Qe8+ Kg7 29. Qd7 Qe2+ 30. Kg3 h5 31. Ng5 Bf2+ 32. Kh3 Qf1# 0-1

[Event "Larsens Nordjyske Mindeturnering"]
[Site "AALBORG"]
[Date "2018.10.17"]
[Round "5.5"]
[White "Borsos, Bogdan"]
[Black "Lilja, Richard"]
[Result "1-0"]
[WhiteElo "2277"]
[BlackElo "2102"]
[PlyCount "69"]
[EventDate "2018.??.??"]
[EventCountry "DEN"]

1. d4 g6 2. e4 Bg7 3. g3 d6 4. Bg2 c5 5. Ne2 cxd4 6. Nxd4 Nc6 7. Be3 Bd7 8. O-O
Nf6 9. h3 Qc8 10. Kh2 h5 11. Nc3 Ne5 12. Nd5 Nxe4 13. Bxe4 Bxh3 14. Bg2 h4 15.
Rh1 Ng4+ 16. Kg1 hxg3 17. Rxh3 gxf2+ 18. Bxf2 Rxh3 19. Qe2 Ne5 20. Bxh3 Qxh3
21. Nc7+ Kf8 22. Nxa8 Ng4 23. Nf3 Be5 24. Bxa7 Bf4 25. Qg2 Qh5 26. Qh1 Qxh1+
27. Kxh1 e5 28. Nc7 e4 29. Nd5 Bh6 30. Rg1 f5 31. Rxg4 fxg4 32. Nh2 Kf7 33.
Nxg4 Bc1 34. Bd4 Ke6 35. Nge3 1-0

[Event "Larsens Nordjyske Mindeturnering"]
[Site "AALBORG"]
[Date "2018.10.17"]
[Round "5.6"]
[White "Wahlborn, Magnus"]
[Black "Andersson, Kaj"]
[Result "1-0"]
[WhiteElo "2159"]
[BlackElo "2023"]
[PlyCount "75"]
[EventDate "2018.??.??"]
[EventCountry "DEN"]

1. e4 c5 2. Nf3 d6 3. d4 cxd4 4. Nxd4 Nf6 5. Nc3 a6 6. Bg5 e6 7. Qf3 Be7 8.
O-O-O Qc7 9. Be2 Nbd7 10. Rhe1 O-O 11. Qg3 b5 12. a3 Bb7 13. Bh6 Ne8 14. f4 Kh8
15. Bg5 Bxg5 16. Qxg5 Nef6 17. Bf3 Qc5 18. e5 Bxf3 19. Nxf3 dxe5 20. fxe5 Nd5
21. Nxd5 exd5 22. Qf5 Qc6 23. Ng5 g6 24. Qh3 h5 25. e6 Nf6 26. Nxf7+ Kg7 27.
Qe3 Rxf7 28. exf7 Rf8 29. Qd4 Rxf7 30. Rd3 Qd6 31. h3 Re7 32. Rxe7+ Qxe7 33.
Re3 Qd6 34. Qe5 Qb6 35. Kb1 a5 36. Qe7+ Kh6 37. Rf3 Ne4 38. Qf8+ 1-0

[Event "Larsens Nordjyske Mindeturnering"]
[Site "AALBORG"]
[Date "2018.10.17"]
[Round "5.7"]
[White "Grabow, Pouelsten Holm"]
[Black "Sloth, Jorn"]
[Result "0-1"]
[WhiteElo "2127"]
[BlackElo "2306"]
[PlyCount "80"]
[EventDate "2018.??.??"]
[EventCountry "DEN"]

1. c4 e5 2. Nc3 d6 3. g3 Be7 4. Bg2 Nf6 5. e3 O-O 6. Nge2 c6 7. d4 Re8 8. O-O
Bf8 9. b3 Na6 10. Ba3 Qa5 11. dxe5 dxe5 12. Bxf8 Rxf8 13. a3 Bf5 14. b4 Qc7 15.
e4 Rad8 16. Qc2 Be6 17. c5 Qe7 18. Rfd1 Nc7 19. Rxd8 Rxd8 20. Rd1 Bc4 21. Nc1
Ne6 22. N3e2 Bxe2 23. Nxe2 Ne8 24. Bf1 N8c7 25. Rxd8+ Qxd8 26. Qc3 f6 27. Qc4
Kf8 28. h4 Ke7 29. Bh3 Qd2 30. Bg4 g6 31. Kg2 h5 32. Bxe6 Nxe6 33. Kf1 f5 34.
exf5 gxf5 35. Qc3 Qd1+ 36. Qe1 Qd5 37. Qc1 f4 38. Qc2 Qh1+ 39. Ng1 e4 40. Qd1
f3 0-1

[Event "Larsens Nordjyske Mindeturnering"]
[Site "AALBORG"]
[Date "2018.10.17"]
[Round "5.8"]
[White "Chritiansen, Arne"]
[Black "Jorgensen, Jorgen"]
[Result "0-1"]
[WhiteElo "2051"]
[BlackElo "2211"]
[PlyCount "126"]
[EventDate "2018.??.??"]
[EventCountry "DEN"]

1. d4 f5 2. c4 Nf6 3. Nf3 g6 4. Nc3 Bg7 5. g3 d6 6. Bg2 O-O 7. O-O c6 8. Be3
Na6 9. d5 e5 10. dxe6 Bxe6 11. Qa4 Ng4 12. Bd4 Ne5 13. Rfd1 Nxc4 14. Bxg7 Nc5
15. Qc2 Kxg7 16. Nd4 Bf7 17. b4 Ne6 18. e4 Qf6 19. Nxe6+ Bxe6 20. b5 Na3 21.
Qd2 Nxb5 22. Nxb5 cxb5 23. exf5 Bxf5 24. Bxb7 Rab8 25. Bg2 Rfc8 26. Qxd6 Qxd6
27. Rxd6 Rc7 28. a3 Rbc8 29. h3 Rc1+ 30. Rd1 Rxa1 31. Rxa1 a5 32. g4 Bc2 33.
Rc1 b4 34. axb4 axb4 35. Bd5 Rc3 36. h4 Kf8 37. Ra1 h6 38. Ra6 Rc5 39. Ba2 Rb5
40. h5 gxh5 41. gxh5 Rg5+ 42. Kh2 Rxh5+ 43. Kg3 b3 44. Bxb3 Bxb3 45. Ra7 Rg5+
46. Kh4 Bf7 47. Rc7 Kg7 48. Ra7 Kf6 49. Ra6+ Be6 50. Ra4 Rg2 51. f3 Rg1 52. Ra5
Rg5 53. Ra6 Rb5 54. Ra4 Rb3 55. Kg3 Kg5 56. Ra5+ Bf5 57. Ra4 h5 58. Rc4 Rb1 59.
Ra4 Rh1 60. Kg2 Rh4 61. Ra2 Rc4 62. Rb2 Kf4 63. Ra2 Rc2+ 0-1

[Event "Larsens Nordjyske Mindeturnering"]
[Site "AALBORG"]
[Date "2018.10.17"]
[Round "5.9"]
[White "Pedersen, Svend"]
[Black "Olesen, Poul Erik Norgaard"]
[Result "1/2-1/2"]
[WhiteElo "2194"]
[BlackElo "2004"]
[PlyCount "22"]
[EventDate "2018.??.??"]
[EventCountry "DEN"]

1. e4 g6 2. Nc3 Bg7 3. g3 d6 4. Bg2 Nf6 5. d4 O-O 6. Nge2 e5 7. O-O c6 8. h3
Qe7 9. Be3 Nbd7 10. Qd2 exd4 11. Bxd4 Nc5 1/2-1/2

[Event "Larsens Nordjyske Mindeturnering"]
[Site "AALBORG"]
[Date "2018.10.17"]
[Round "5.10"]
[White "Jacobsen, Niels"]
[Black "Jepsen, Thomas Stausholm"]
[Result "0-1"]
[WhiteElo "1883"]
[BlackElo "2180"]
[PlyCount "64"]
[EventDate "2018.??.??"]
[EventCountry "DEN"]

1. e4 d6 2. d4 Nf6 3. Nc3 c6 4. a4 Nbd7 5. Nf3 e5 6. Be2 Be7 7. h3 O-O 8. Be3
Qc7 9. O-O Re8 10. Nd2 d5 11. exd5 Nxd5 12. Nxd5 cxd5 13. dxe5 Qxe5 14. c3 Nf6
15. Nf3 Qc7 16. Nd4 a6 17. Bf3 Ne4 18. Bxe4 dxe4 19. f3 Bxh3 20. fxe4 Qg3 21.
Qf3 Qxf3 22. Rxf3 Bg4 23. Rf2 Bh4 24. g3 Rxe4 25. gxh4 Rxe3 26. Rf4 h5 27. Raf1
f6 28. Nf5 Re2 29. R1f2 Rae8 30. Nd4 R2e3 31. Nf5 Rh3 32. Ng3 Rxg3+ 0-1

[Event "Larsens Nordjyske Mindeturnering"]
[Site "AALBORG"]
[Date "2018.10.17"]
[Round "5.11"]
[White "Hammar, Bengt"]
[Black "Ekelund, Peter"]
[Result "1/2-1/2"]
[WhiteElo "2178"]
[BlackElo "1972"]
[PlyCount "81"]
[EventDate "2018.??.??"]
[EventCountry "DEN"]

1. e4 g6 2. d4 Bg7 3. Nc3 d6 4. f4 Nf6 5. Nf3 O-O 6. Bd3 c5 7. dxc5 dxc5 8. O-O
Nc6 9. e5 Nd5 10. Nxd5 Qxd5 11. Qe1 Bg4 12. Be4 Qd7 13. Be3 b6 14. Rd1 Qc7 15.
Qh4 Bxf3 16. Bxf3 Rad8 17. c3 e6 18. Qf2 Ne7 19. Qe2 Nd5 20. Bc1 Rd7 21. g3
Rfd8 22. Be4 c4 23. Kh1 b5 24. a3 a5 25. Rd4 Bf8 26. a4 Bc5 27. Rdd1 Qb6 28.
axb5 Qxb5 29. Bb1 Nb6 30. Rxd7 Rxd7 31. h4 a4 32. Be4 Nd5 33. Qf3 Qb3 34. Rd1
a3 35. bxa3 Bxa3 36. Bxa3 Qxa3 37. h5 Qc5 38. Rd4 Nb6 39. Rxd7 Nxd7 40. hxg6
hxg6 41. Kg2 1/2-1/2

[Event "Larsens Nordjyske Mindeturnering"]
[Site "AALBORG"]
[Date "2018.10.17"]
[Round "5.12"]
[White "Holst, Per"]
[Black "Lennart Vang, Frank"]
[Result "1/2-1/2"]
[WhiteElo "2132"]
[BlackElo "1969"]
[PlyCount "53"]
[EventDate "2018.??.??"]
[EventCountry "DEN"]

1. d4 d6 2. c4 g6 3. e4 Bg7 4. Nc3 Nd7 5. Be3 e5 6. d5 a5 7. Bd3 b6 8. Nge2
Ngf6 9. f3 Nc5 10. Bc2 h5 11. Qd2 Bd7 12. O-O-O a4 13. Nb5 Bxb5 14. cxb5 Ra5
15. Nc3 Qd7 16. Kb1 Ra7 17. h4 Kd8 18. Bd3 Kc8 19. Bc4 Kb7 20. Bxc5 bxc5 21. b6
Ra5 22. bxc7 Bh6 23. c8=Q+ Kxc8 24. Qe2 Qb7 25. Bb5 a3 26. b3 Kd8 27. g3
1/2-1/2

[Event "Larsens Nordjyske Mindeturnering"]
[Site "AALBORG"]
[Date "2018.10.18"]
[Round "6.12"]
[White "Lilja, Richard"]
[Black "Aubert, Carsten"]
[Result "1-0"]
[WhiteElo "2102"]
[BlackElo "1997"]
[PlyCount "131"]
[EventDate "2018.??.??"]
[EventCountry "DEN"]

1. e4 e5 2. Nf3 Nc6 3. Bc4 Bc5 4. c3 Nf6 5. d3 d6 6. O-O a6 7. Bb3 O-O 8. h3
Ne7 9. d4 Ba7 10. Re1 Ng6 11. Nbd2 Re8 12. Nf1 Be6 13. Bxe6 Rxe6 14. d5 Re8 15.
Ng3 Nf4 16. b3 Qd7 17. Nh2 c6 18. dxc6 bxc6 19. Qf3 Re6 20. Bxf4 exf4 21. Qxf4
Rae8 22. Nf3 Bb8 23. Rad1 d5 24. e5 Qc7 25. Qa4 Nd7 26. Qxa6 c5 27. Qd3 Nxe5
28. Nxe5 Rxe5 29. Rxe5 Rxe5 30. f4 Re8 31. Qxd5 Qxf4 32. Nf1 c4 33. Qd4 Qxd4+
34. cxd4 c3 35. Rc1 Ba7 36. Ng3 Re3 37. Nf5 Rd3 38. Kf1 g6 39. Ne7+ Kf8 40. Nc6
Bb6 41. Rc2 f6 42. a4 Ke8 43. a5 Kd7 44. Nb8+ Kc8 45. axb6 Kxb8 46. Ke2 Rg3 47.
Kd1 Re3 48. Re2 Rd3+ 49. Kc2 Rxd4 50. Kxc3 Rd6 51. Re7 Rxb6 52. Rxh7 f5 53. Rh6
Rf6 54. h4 f4 55. Kb2 Re6 56. Ka3 Ra6+ 57. Kb4 Rb6+ 58. Ka4 Ra6+ 59. Kb5 Rf6
60. b4 Kc7 61. Ka5 Kb8 62. b5 Kb7 63. h5 f3 64. gxf3 Rf5 65. f4 Rxf4 66. Rh7+ {
Rf3 [%clk 0:00:00]} 1-0